ESSENTIALS OF HUMAN ANATOMY AND PHYSIOLOGY (Record no. 207332)
[ view plain ]
| 000 -LEADER | |
|---|---|
| fixed length control field | 00223nam a22000857a 4500 |
| 008 - FIXED-LENGTH DATA ELEMENTS--GENERAL INFORMATION | |
| fixed length control field | 230926b |||||||| |||| 00| 0 eng d |
| 020 ## - INTERNATIONAL STANDARD BOOK NUMBER | |
| International Standard Book Number | 9780805300123 |
| 245 ## - TITLE STATEMENT | |
| Title | ESSENTIALS OF HUMAN ANATOMY AND PHYSIOLOGY |
| 942 ## - ADDED ENTRY ELEMENTS (KOHA) | |
| Source of classification or shelving scheme | Library of Congress Classification |
| Koha item type | Long Loan Book |
| Withdrawn status | Lost status | Source of classification or shelving scheme | Damaged status | Not for loan | Collection | Home library | Current library | Date acquired | Inventory number | Total checkouts | Full call number | Barcode | Date last seen | Copy number | Price effective from | Total renewals | Date last checked out | Koha item type |
|---|---|---|---|---|---|---|---|---|---|---|---|---|---|---|---|---|---|---|
| Library of Congress Classification | Medicine | Kisii University Library | Kisii University Library | 09/26/2023 | 57869 | QP 34.5 .M37 2002 | 000000000427 | 09/26/2023 | C.6 | 09/26/2023 | ||||||||
| Library of Congress Classification | Medicine | Kisii University Library | Kisii University Library | 09/26/2023 | 57866 | 3 | QP 34.5 .M37 2002 | 000000000428 | 03/17/2026 | C.3 | 09/26/2023 | 1 | 02/17/2026 | Long Loan Book | ||||
| Library of Congress Classification | Medicine | Kisii University Library | Kisii University Library | 09/26/2023 | 57868 | 4 | QP 34.5 .M37 2002 | 000000000429 | 04/04/2025 | C.5 | 09/26/2023 | 03/25/2025 | Long Loan Book | |||||
| Library of Congress Classification | Medicine | Kisii University Library | Kisii University Library | 09/26/2023 | 57865 | 6 | QP 34.5 .M37 2002 | 000000000430 | 04/06/2026 | C.2 | 09/26/2023 | 1 | 03/09/2026 | Long Loan Book | ||||
| Library of Congress Classification | Medicine | Kisii University Library | Kisii University Library | 09/26/2023 | 57867 | 2 | QP 34.5 .M37 2002 | 000000000431 | 06/04/2025 | C.4 | 09/26/2023 | 05/21/2025 | Long Loan Book |